000 00608nam a22001817a 4500
005 20251108175001.0
008 250721s2009 xx 000 0 ara d
082 1 4 _aم/341.6/لجن
245 1 0 _aحماية حقوق المراة في منطقة الإسكوا /
264 1 _aالأمم المتحدة :
_bالاسكوا،
_c2009.
300 _a62ص.
650 1 7 _aحقوق المرأة
650 1 7 _aقانون الحروب
650 1 7 _aاللآمم المتحدة
710 2 _aاللجنة الاقتصادية والاجتماعية لغربي آسيا
942 _2ddc
_cREF
999 _c123158
_d123158